Pierwiastki chemiczne po symbolu - Statystyki

Ogólne statystyki
  • Ten quiz został rozwiązany 49 razy
  • Średni wynik to 13 z 18
Statystyki odpowiedzi
Wskazówka Odpowiedź % Poprawnych
Mg Magnez
100%
O Tlen
100%
S Siarka
97%
Na Sód
97%
H Wodór
97%
Pb Ołów
92%
K Potas
92%
C Węgiel
92%
Fe Żelazo
87%
Ti Tytan
77%
Si Krzem
74%
V Wanad
74%
Bi Bizmut
62%
Fr Frans
54%
Og Oganesson
33%
Ac Aktyn
28%
Dy Dysproz
23%
Cf Kaliforn
21%
Nie znaleziono quizów pasujących do podanych kryteriów
Rozkład punktacji
Procent ludzi z każdym wynikiem
Percentyl według liczby udzielonych odpowiedzi
Twoja historia wyników
Nie rozwiązałeś tego quizu